[Event "Goetzis op"]
[Site "Goetzis"]
[Date "1996.??.??"]
[Round "3"]
[White "Kelecevic, Nedeljko"]
[Black "Dinser, Hans"]
[Result "1/2-1/2"]
[WhiteElo "2475"]
[BlackElo "2165"]

1.d4 d5 2.Nf3 c6 3.c4 dxc4 4.e3 b5 5.a4 e6 6.axb5 cxb5 7.b3 Bb4+ 8.Bd2 Bxd2+
9.Nbxd2 a5 10.bxc4 b4 11.Bd3 Bb7 12.O-O Ne7 13.Bc2 Nd7 14.Qb1 Ng6 15.Be4 Bxe4
16.Nxe4 O-O 17.c5 Nf6 18.Nxf6+ Qxf6 19.Qb3 Qe7 20.Ra4 Qc7 21.Rfa1 Rfb8 22.Nd2 Ne7
23.Qd3 Nd5 24.Nb3 Nc3 25.Rxa5 Rxa5 26.Rxa5 g6 27.f3 Qd7 28.e4 Qc7 29.g3 Qd7
30.Qc4 Qc7 31.Ra1 h5 32.Kg2 h4 33.Qd3 Kg7 34.Qe3 Rh8 35.Qd2 hxg3 36.hxg3 Rh5
37.Qf2 Qb7  1/2-1/2

[Event "Koop Tjuchem"]
[Site "Groningen"]
[Date "1996.??.??"]
[Round "8"]
[White "Akopian, Vladimir"]
[Black "Gelfand, Boris"]
[Result "1/2-1/2"]
[WhiteElo "2630"]
[BlackElo "2665"]

1.Nf3 d5 2.d4 Nf6 3.c4 c6 4.Qb3 dxc4 5.Qxc4 Bf5 6.Nc3 Nbd7 7.g3 e6 8.Bg2 Be7
9.O-O O-O 10.e3 Ne4 11.Qe2 Nxc3 12.bxc3 Be4 13.c4 c5 14.Rd1 Nf6 15.Bb2 Qc7
16.Rac1 Rad8 17.Ne1 Bxg2 18.Nxg2 cxd4 19.exd4 Rfe8 20.d5 exd5 21.cxd5 Qa5
22.Ne3 Qxa2 23.Ra1 Qb3 24.Rdb1 Qb6 25.Be5 Bb4 26.Qc4 Rxe5 27.Rxb4 Re4 28.Rxb6 Rxc4
29.Rxb7 Rd4 30.Nf5 Rd2 31.Raxa7 Rf8 32.d6 h5 33.Rc7 Kh7  1/2-1/2

[Event "Koop Tjuchem op"]
[Site "Groningen"]
[Date "1996.??.??"]
[Round "9"]
[White "Nemet, Ivan"]
[Black "Lytchak, Alexander"]
[Result "1/2-1/2"]
[WhiteElo "2415"]
[BlackElo "2295"]

1.d4 d5 2.Nf3 c6 3.c4 Nf6 4.g3 Bf5 5.Bg2 e6 6.O-O Nbd7 7.cxd5 exd5 8.Qb3 Nb6
9.a4 a5 10.Nc3 Be7 11.Nh4 Bg4 12.Qc2 O-O 13.Nf5 Bb4 14.Na2 Qd7 15.Ne3 Bd6
16.Nxg4 Qxg4 17.Qd1 Rfe8 18.Nc3 Bb4 19.e3 Qxd1 20.Nxd1 Nc4 21.b3 Nd6 22.Ra2 Nde4
23.Rc2 c5 24.f3 Nd6 25.dxc5 Rac8 26.Bb2 Rxc5 27.Re2 Rc7 28.e4 dxe4 29.fxe4 Nfxe4
30.Rf4 Bc5+ 31.Kf1 Rce7 32.Bxe4 Nxe4 33.Kg2 Bb4 34.Rc2 f6 35.Ne3 Nc5 36.Nd5 Re2+
37.Rf2 Rxf2+ 38.Kxf2 Nd3+ 39.Kf1 Re1+ 40.Kg2 Rd1 41.Rc8+ Kf7 42.Nxb4 Nxb2
43.Nc2 Rd3 44.b4 Rd2+ 45.Kg1 b6 46.bxa5 bxa5 47.Ne3 Rd4 48.Rc7+ Ke6 49.Rxg7 Rxa4
50.Rxh7 Ra2 51.Ra7 a4 52.h4 Ra1+ 53.Kg2 Re1 54.Kf3 Rh1 55.Ra6+ Ke5 56.Ng4+ Kd4
57.Nxf6 Nc4 58.Kg2 Ra1 59.h5 a3 60.h6 Ne3+ 61.Kh2 Ra2+ 62.Kh3 Ra1 63.Kh4 Nf5+
64.Kg5 Nxh6 65.Kxh6 a2 66.Nh5 Kc3  1/2-1/2

[Event "Hamburg HSK"]
[Site "Hamburg"]
[Date "1996.??.??"]
[Round "3"]
[White "Chekhov, Valery A"]
[Black "Fries Nielsen, Jens Ove"]
[Result "1/2-1/2"]
[WhiteElo "2535"]
[BlackElo "2425"]

1.d4 d5 2.c4 c6 3.Nf3 dxc4 4.e3 b5 5.a4 e6 6.axb5 cxb5 7.b3 Bb4+ 8.Bd2 Bxd2+
9.Nbxd2 a5 10.bxc4 b4 11.Bd3 Nf6 12.O-O O-O 13.Qc2 Nc6 14.Ne4 h6 15.d5 exd5
16.cxd5 Nb8 17.Nxf6+ Qxf6 18.e4 Bg4 19.e5 Qf4 20.Qd2 Qxd2 21.Nxd2 Nd7 22.f4 Nc5
23.Bc4 Bf5 24.Nb3 Nxb3 25.Bxb3 Rfe8 26.d6  1/2-1/2

[Event "NLD-chT9697"]
[Site "Holland"]
[Date "1996.??.??"]
[Round "?"]
[White "Witt, Rob"]
[Black "Beulen, Marcel"]
[Result "1/2-1/2"]
[WhiteElo "2315"]
[BlackElo "2320"]

1.d4 d5 2.c4 c6 3.Nf3 Nf6 4.Qc2 dxc4 5.Qxc4 Bf5 6.g3 Nbd7 7.Bg2 e6 8.O-O Be7
9.Nc3 h6 10.Bf4 O-O 11.Rfd1 Qb6 12.Na4 Qb4 13.Qxb4 Bxb4 14.Rac1 Rac8 15.Nc5 Nxc5
16.dxc5 Rfd8 17.Nd4 Be4 18.f3 Bg6 19.a3 Ba5 20.e4 Bc7 21.Ne2 e5 22.Be3 Kf8
23.Bh3 Rb8 24.Kf2 Ke7 25.Nc3 Rxd1 26.Nxd1 Rd8 27.Ke2 Nd7 28.Bd2 Nf8 29.Ne3 Ne6
30.Bxe6 Kxe6 31.Rc4 Rd7 32.Ra4 a6 33.g4 Bd8 34.Nc4 Be7 35.Be3 f6 36.Na5 Bd8
37.Nc4 Be7 38.Nb6 Rc7 39.Rb4 Bf7 40.Rb3 Bf8 41.Rd3 Ke7 42.Rd1 Be6 43.h3 g5
44.h4 Ke8 45.hxg5 hxg5 46.Rh1 Rg7 47.Rh8  1/2-1/2

[Event "HUN-chT1 9596"]
[Site "HUN"]
[Date "1996.??.??"]
[Round "9"]
[White "Forintos, Gyozo V"]
[Black "Farkas, Gyula"]
[Result "1-0"]
[WhiteElo "2485"]
[BlackElo "2215"]

1.d4 d5 2.c4 c6 3.Nf3 Nf6 4.Qc2 e6 5.Nbd2 Nbd7 6.a3 a5 7.e4 dxe4 8.Nxe4 Be7
9.Bf4 Nxe4 10.Qxe4 Qb6 11.Qc2 c5 12.d5 Bf6 13.O-O-O O-O 14.dxe6 Qxe6 15.Rd6 Qg4
16.Qd2 Ra6 17.h3 Qf5 18.Bd3 Rxd6 19.Bxd6 Qe6 20.Re1  1-0

[Event "HUN-chT1 9596"]
[Site "HUN"]
[Date "1996.??.??"]
[Round "12"]
[White "Portisch, Ferenc"]
[Black "Gemesi, Andras"]
[Result "1/2-1/2"]
[WhiteElo "2390"]
[BlackElo "2195"]

1.d4 d5 2.c4 c6 3.Nf3 Nf6 4.g3 dxc4 5.Bg2 Bf5 6.O-O e6 7.Nbd2 Be7 8.Nxc4 O-O
9.Qb3 Be4 10.Ncd2 Bd5 11.Qc2 c5 12.dxc5 Na6 13.e4 Bc6 14.Ne5 Bb5 15.Rd1 Qc7
16.Ndc4 Bxc5 17.b3 Rac8 18.Qb2 Bxc4 19.Nxc4 Ng4 20.Rf1 Nb4 21.Bf4 Qe7 22.Qe2 Nf6
23.Rad1 Rfd8 24.a3 Nc6 25.b4 Bd4 26.b5 Nb8 27.e5 Ne8 28.Nd6 Nxd6 29.exd6 Qf6
30.Bxb7 Rc5 31.a4 e5 32.Be3 Qxd6  1/2-1/2

[Event "ISR-chT"]
[Site "Israel"]
[Date "1996.??.??"]
[Round "3"]
[White "Grinshpun, Eduard"]
[Black "Wapner, Jonathan"]
[Result "1/2-1/2"]
[WhiteElo "2355"]
[BlackElo "2235"]

1.d4 d5 2.Nf3 c6 3.c4 Nf6 4.Nbd2 Bg4 5.Ne5 Bf5 6.e3 Nbd7 7.cxd5 cxd5 8.Qb3 Qc7
9.Nxd7 Bxd7 10.Nf3 e6 11.Bd2 Bd6 12.Rc1 Bc6 13.Bd3 O-O 14.Bb4 Rfc8 15.Bxd6 Qxd6
16.O-O Rc7 17.Ne5 Rac8 18.Rc3 Nd7 19.f4 f5 20.Rfc1 Nxe5 21.dxe5 Qe7 22.Qa3 Qxa3
23.Rxa3 a6 24.Rac3 Kf7 25.Kf2 Ke7 26.h3 Kd8 27.g4 Bd7 28.Rxc7 Rxc7 29.Rxc7 Kxc7
30.b4 g6 31.gxf5 gxf5 32.Kg3 Be8 33.Kh4 h6 34.Be2 Kd8 35.a3 Ke7 36.Kg3 Kd8
37.Kf2 Kc7 38.Ke1 Kb6 39.Kd2 a5 40.Kc3 axb4+ 41.Kxb4 Kc7 42.Kc5  1/2-1/2

[Event "ISR-chT"]
[Site "Israel"]
[Date "1996.??.??"]
[Round "5"]
[White "Grinshpun, Eduard"]
[Black "Sorkin, Igor"]
[Result "1/2-1/2"]
[WhiteElo "2355"]
[BlackElo "2290"]

1.Nf3 d5 2.d4 c6 3.c4 dxc4 4.e3 b5 5.a4 e6 6.axb5 cxb5 7.b3 Bb4+ 8.Bd2 Bxd2+
9.Nbxd2 a5 10.bxc4 b4 11.Bd3 Nf6 12.g4 Bb7 13.g5 Nfd7 14.Rg1 Nb6 15.c5 Nd5
16.Ne4 O-O 17.Ne5 g6 18.Qg4 Nc6 19.Nxc6 Bxc6 20.Bc4 h5 21.gxh6 Nf6  1/2-1/2

[Event "Jakarta Gunadarma"]
[Site "Jakarta"]
[Date "1996.??.??"]
[Round "2"]
[White "Torre, Eugenio"]
[Black "Sokolov, Ivan"]
[Result "1-0"]
[WhiteElo "2535"]
[BlackElo "2670"]

1.Nf3 d5 2.d4 c6 3.c4 dxc4 4.e3 b5 5.a4 e6 6.axb5 cxb5 7.b3 Bb4+ 8.Bd2 Bxd2+
9.Nbxd2 a5 10.bxc4 b4 11.Ne5 Nf6 12.Bd3 O-O 13.O-O Bb7 14.f4 Nbd7 15.Bc2 Qc7
16.Qe1 Rfd8 17.Qh4 Nf8 18.f5 exf5 19.Rxf5 Ng6 20.Qg3 Re8 21.Rg5 Qd8 22.Ba4 Rxe5
23.Rxe5 Nxe5 24.Qxe5 Qb6 25.Rf1 Qe6 26.Qf4 Rd8 27.h3 Qe7 28.d5 Bxd5 29.cxd5 Nxd5
30.Qf2 Qxe3 31.Bb3 Rd7 32.Re1 Qxf2+ 33.Kxf2 Kf8 34.Nc4 Nf4 35.Re3 Ra7 36.Nd6 Re7
37.Rxe7 Kxe7 38.Nc4 f5 39.Nxa5 Kd6 40.Bg8 h6 41.Kf3 Ne6 42.Bxe6 Kxe6 43.Nc6 b3
44.Nd4+ Ke5 45.Nxb3 g5 46.g3 Kd5 47.Nd2 Kd4 48.Nf1 Kd5 49.Ne3+ Ke5 50.g4 f4
51.Nf5 h5 52.Nh6 hxg4+ 53.hxg4  1-0

[Event "Jyvaskyla op2"]
[Site "Jyvaskyla"]
[Date "1996.??.??"]
[Round "5"]
[White "Wallace, John Paul"]
[Black "Kokkila, Tero"]
[Result "0-1"]
[WhiteElo "2370"]
[BlackElo "2210"]

1.d4 d5 2.c4 c6 3.Nf3 Nf6 4.Qc2 dxc4 5.Qxc4 Bf5 6.g3 Qd5 7.Qa4 b5 8.Qa5 Bxb1
9.Rxb1 e5 10.Bg2 e4 11.Nd2 Bd6 12.Nb3 Nbd7 13.Bf4 Bxf4 14.gxf4 O-O 15.O-O Nb6
16.e3 g5 17.fxg5 Qxg5 18.f4 Qh6 19.Qe1 Kh8 20.Nd2 Rg8 21.Kh1 Ng4 22.h3 f5
23.Rg1 Nd5 24.Nf1 Rg6 25.Rc1 Rag8 26.Rc2 a5 27.a3 a4 28.Rd2 Nb6 29.Re2 Nf6
30.Kh2 Nc4 31.Rc2 Qh5 32.Kh1 Nd5 33.Kh2 Qh6 34.Kh1 Qg7 35.Kh2 Rh6 36.Re2 Qg4
37.Ng3 Ncxe3 38.Rxe3 Qxf4 39.Rc3 Rhg6 40.Bh1 Nxc3 41.bxc3 h5 42.Qf1 Qxf1
43.Rxf1 Rxg3 44.Rxf5 Rxc3 45.Rxh5+ Kg7 46.Bxe4 Rd8 47.Rg5+ Kf6 48.Rg6+ Kf7
49.Rxc6 Rxc6 50.Bxc6 b4 51.axb4 a3 52.Ba4 Rxd4 53.Bb3+ Kf6 54.b5 a2 55.Bxa2 Rd2+
56.Kg3 Rxa2  0-1

[Event "Jyvaskyla op2"]
[Site "Jyvaskyla"]
[Date "1996.??.??"]
[Round "9"]
[White "Akesson, Ralf"]
[Black "Rausis, Igors"]
[Result "0-1"]
[WhiteElo "2505"]
[BlackElo "2490"]

1.d4 d5 2.c4 c6 3.Nf3 dxc4 4.e3 b5 5.a4 e6 6.b3 Bb4+ 7.Bd2 Bxd2+ 8.Nfxd2 cxb3
9.axb5 b2 10.Ra2 Ne7 11.Rxb2 O-O 12.Ne4 cxb5 13.Bxb5 Ba6 14.O-O Bxb5 15.Rxb5 Nbc6
16.Nbc3 Rb8 17.Rc5 Qb6 18.Qf3 f5 19.Ng5 h6 20.Nxe6 Nxd4 21.exd4 Qxe6 22.Re5 Qf7
23.d5 Ng6 24.Re6 Rb3 25.Rfe1 Kh7 26.Rc6 Qd7 27.Qg3 Qf7 28.h4 Rb4 29.h5 Nf4
30.d6 Nxh5 31.Qe5 Qg6 32.Qe6 Rf6 33.Qe8 Qxe8 34.Rxe8 Rd4 35.Nb5 Rd1+ 36.Kh2 Nf4
37.Rc7 a6 38.Ree7 Nh5 39.Nc3 Rdxd6  0-1

[Event "IND-ch"]
[Site "Kasaragod"]
[Date "1996.??.??"]
[Round "9"]
[White "Gokhale, CS."]
[Black "Chatterjee, Laltu"]
[Result "1-0"]
[WhiteElo "2340"]
[BlackElo "2240"]

1.d4 d5 2.c4 c6 3.Nf3 Nf6 4.Qc2 dxc4 5.Qxc4 Bf5 6.Nc3 e6 7.Bg5 Be7 8.e3 Nbd7
9.Qb3 O-O 10.Be2 b6 11.h3 Ne4 12.Bf4 Ndf6 13.O-O Nd5 14.Nxd5 cxd5 15.Rfc1 Bd6
16.Bxd6 Qxd6 17.Ba6 Rab8 18.Qb5 Qe7 19.Ne5 Qg5 20.Nd7 Bxh3 21.Qf1 Bg4 22.Nxb8 Nd2
23.f4 Qg6 24.Qf2 Ne4 25.Nc6 Qh5 26.Qe1 g5 27.Bd3 f5 28.Bxe4 fxe4 29.Qg3 gxf4
30.exf4 Kh8 31.Ne5 Be2 32.Qh2 Qe8 33.Rc7 Bh5 34.Rac1 e3 35.Rc8  1-0

[Event "Koszalin op"]
[Site "Koszalin"]
[Date "1996.??.??"]
[Round "9"]
[White "Sulskis, Sarunas"]
[Black "Hasangatin, Ramil"]
[Result "0-1"]
[WhiteElo "2505"]
[BlackElo "2400"]

1.d4 d5 2.c4 c6 3.Nf3 Nf6 4.Nbd2 Bf5 5.g3 e6 6.Bg2 h6 7.O-O Nbd7 8.Re1 Be7
9.b3 O-O 10.Bb2 Ne4 11.e3 a5 12.a3 b5 13.cxd5 cxd5 14.Nxe4 Bxe4 15.Bf1 Qb6
16.Nd2 Bg6 17.Qe2 b4 18.a4 Rfc8 19.Rec1 Qb7 20.Qb5 Qxb5 21.Bxb5 Nb6 22.f3 Rxc1+
23.Rxc1 Rc8 24.Rxc8+ Nxc8 25.e4 Nb6 26.Kf2 Bg5 27.f4 Bd8 28.Bd3 dxe4 29.Bxe4 Bxe4
30.Nxe4 Kf8 31.Ke2 Ke7 32.Nc5 Nd5 33.Kd3 Bb6 34.Kc4 Nc7 35.Na6 Nxa6 36.Kb5 Bd8
37.Kxa6 g6 38.d5 exd5 39.Kb5 Ke6 40.Kc6 h5 41.Bd4 Kf5 42.Kxd5 Kg4 43.Ke4 Kh3
44.Kf3 Kxh2 45.Bc5 Kh3 46.Ba7 f6 47.Bb8 Bb6 48.Bd6 g5 49.Ke4 Kg4 50.fxg5 fxg5  0-1

[Event "Krasnodar op"]
[Site "Krasnodar"]
[Date "1996.??.??"]
[Round "4"]
[White "Ivanov, Mikhail M"]
[Black "Kozakov, Mikhail"]
[Result "0-1"]
[WhiteElo "2375"]
[BlackElo "2375"]

1.d4 d5 2.Nf3 Nf6 3.c4 c6 4.Qc2 e6 5.Nbd2 Nbd7 6.g3 Be7 7.Bg2 O-O 8.O-O b6
9.e4 Ba6 10.b3 Rc8 11.Bb2 c5 12.exd5 exd5 13.Rad1 Re8 14.Rfe1 cxd4 15.Nxd4 Bf8
16.Rxe8 Qxe8 17.Qb1 dxc4 18.Re1 Qd8 19.Nc6 Rxc6 20.Bxc6 Nb8 21.Bxf6 Qxd2
22.Be4 gxf6 23.Bxh7+ Kg7 24.Re4 Bc8 25.Rf4 Nc6 26.Bf5 Nd4 27.Bd3 Bb7 28.b4 Qxf4
29.gxf4 Nf3+ 30.Kf1 Nd2+ 31.Ke2 Nxb1 32.Bxb1  0-1

[Event "Krasnodar op"]
[Site "Krasnodar"]
[Date "1996.??.??"]
[Round "8"]
[White "Rapoport, Igor"]
[Black "Bezgodov, Alexei"]
[Result "0-1"]
[WhiteElo "2260"]
[BlackElo "2485"]

1.d4 d5 2.c4 c6 3.Nf3 Nf6 4.Qc2 g6 5.Bf4 Qa5+ 6.Bd2 Qd8 7.Bf4 Na6 8.e3 Bf5
9.Qb3 Nb4 10.Qxb4 e5 11.c5 exf4 12.exf4 b6 13.Be2 bxc5 14.dxc5 Ne4 15.Qd4 Rg8
16.Nc3 Bxc5 17.Qe5+ Qe7 18.Nxe4 dxe4 19.Qxe7+ Kxe7 20.Ne5 Bb4+ 21.Kf1 Rac8
22.Rd1 f6 23.Nc4 Rgd8 24.a3 Rxd1+ 25.Bxd1 Rd8 26.Ke2 Bg4+ 27.f3 exf3+ 28.gxf3 Be6
29.Bb3 Bd6 30.f5 Bxf5 31.Na5 Bd7 32.Rc1 Rb8 33.Kf2 Rb5  0-1

[Event "La Coruna op"]
[Site "La Coruna"]
[Date "1996.??.??"]
[Round "?"]
[White "Damljanovic, Branko"]
[Black "Cruz Lopez Claret, Carlos"]
[Result "1-0"]
[WhiteElo "2470"]
[BlackElo "2295"]

1.d4 d5 2.c4 c6 3.Nf3 Nf6 4.Qc2 Na6 5.e3 Qb6 6.Nc3 Nb4 7.Qa4 dxc4 8.Bxc4 Bf5
9.O-O Bc2 10.Bb3 Bd3 11.Ne5 Bxf1 12.Bxf7+ Kd8 13.Kxf1 Qa6+ 14.Qxa6 Nxa6 15.e4 Nc7
16.Bb3 Ke8 17.Nf7 Rg8 18.Bf4 Rc8 19.Ng5 Rh8 20.Bxc7 Rxc7 21.e5 Nd5 22.Nxd5 cxd5
23.Ba4+  1-0

[Event "CUB-ch"]
[Site "Las Tunas"]
[Date "1996.??.??"]
[Round "13"]
[White "Leyva, Hector"]
[Black "Nogueiras, Jesus"]
[Result "0-1"]
[WhiteElo "2410"]
[BlackElo "2535"]

1.d4 d5 2.c4 c6 3.Nf3 dxc4 4.e3 b5 5.a4 e6 6.axb5 cxb5 7.b3 Bb4+ 8.Bd2 Bxd2+
9.Nbxd2 a5 10.bxc4 b4 11.c5 Nf6 12.Qa4+ Bd7 13.Bb5 O-O 14.Bxd7 Nbxd7 15.O-O Nd5
16.Nc4 Nc3 17.Qb3 Qc7 18.Nfd2 Rfb8 19.Nb2 Nf6 20.Na4 Nfd5 21.Nb1 Nxa4 22.Rxa4 Qc6
23.Re1 h6 24.h3 e5 25.Nd2 Nc3 26.Raa1 Qb5 27.Qc4 exd4 28.exd4 a4 29.Qxb5 Rxb5
30.Nc4 b3 31.Ra3 Rb4 32.Nb6 Ra7 33.d5 b2 34.d6 b1=Q 35.Rxb1 Rxb1+ 36.Kh2 Nb5
37.Rxa4 Rxa4 38.Nxa4 Rd1 39.Nb6 Kf8 40.d7 Na7  0-1

[Event "NLD-ch stud Leeuwarden"]
[Site "Leeuwarden"]
[Date "1996.??.??"]
[Round "4"]
[White "Van de Mortel, Jan"]
[Black "Strating, Sybolt"]
[Result "1/2-1/2"]
[WhiteElo "2315"]
[BlackElo "2310"]

1.d4 d5 2.Nf3 c6 3.c4 Nf6 4.Qc2 g6 5.Bf4 Bg7 6.Nbd2 O-O 7.e3 Qa5 8.a3 c5
9.dxc5 Na6 10.Be5 dxc4 11.Bxc4 Nxc5 12.b4 Qa4 13.Qb2 Be6 14.Be2 Ncd7 15.Bd4 Rac8
16.O-O Qc2 17.Rac1  1/2-1/2

[Event "Wch U26"]
[Site "Leon"]
[Date "1996.??.??"]
[Round "6"]
[White "Gasimov, Ragim"]
[Black "Beikert, Guenther"]
[Result "1/2-1/2"]
[WhiteElo "2415"]
[BlackElo "2435"]

1.d4 d5 2.Nf3 c6 3.c4 Nf6 4.Qc2 dxc4 5.Qxc4 Bf5 6.g3 Bxb1 7.Rxb1 Qd5 8.Qxd5 cxd5
9.Ne5 e6 10.Bg2 Nbd7 11.O-O Bd6 12.Nd3 Ke7 13.Bf4 Rhc8 14.Rbc1 Ne4 15.Rxc8 Rxc8
16.Rc1 Rc6 17.Rxc6 bxc6 18.Bc1 f5 19.h3 Nb8 20.g4 Na6 21.gxf5 exf5 22.h4 Nb4
23.Nxb4 Bxb4 24.f3 Ng3 25.Kf2 Bd6 26.Bg5+ Ke6 27.Bh3 Bc7 28.b3 h6 29.Bd2 Kf6
30.e3 Nh5 31.Bf1 Bg3+ 32.Kg2 Ke6 33.Ba6 Kd7 34.Bb4 Bd6 35.Be1 Nf6 36.Bd3 g6
37.Bd2 Ke6 38.Ba6 Kd7 39.Bd3 Ke6 40.Ba6 Kd7  1/2-1/2

[Event "Lisboa Masters-B"]
[Site "Lisboa"]
[Date "1996.??.??"]
[Round "8"]
[White "Amaral, Nuno"]
[Black "Gaspar, Artur"]
[Result "1/2-1/2"]
[WhiteElo "2195"]
[BlackElo "2245"]

1.d4 d5 2.Nf3 Nf6 3.c4 c6 4.g3 Bf5 5.Qb3 Qb6 6.Bg2 e6 7.O-O Be7 8.Nc3 h6
9.c5 Qxb3 10.axb3 Nbd7 11.b4 Ne4 12.Nd2 Nxd2 13.Bxd2 Bf6 14.e4 dxe4 15.Be3 O-O
16.b5 cxb5 17.Nxb5 a6 18.Nd6 Rab8 19.b4 Be7 20.Bf4 Bf6 21.Be3 Be7 22.Bf4 Bf6
23.Nxe4 Bxe4 24.Bxe4 e5 25.dxe5 Bxe5 26.Rad1 Nxc5 27.bxc5 Bxf4 28.gxf4 Rfc8
29.Rd7 Rxc5 30.Rfd1 f5 31.Bd5+ Kh7 32.Bxb7 a5 33.Rf7 a4 34.Rdd7 a3 35.Rxg7+ Kh8
36.Rh7+ Kg8 37.Rdg7+ Kf8 38.Rf7+ Kg8 39.Rhg7+ Kh8 40.Rh7+ Kg8 41.Rfg7+ Kf8  1/2-1/2

[Event "Litomysl op"]
[Site "Litomysl"]
[Date "1996.??.??"]
[Round "6"]
[White "Likavsky, Tomas"]
[Black "Krivoshey, Sergei"]
[Result "0-1"]
[WhiteElo "2305"]
[BlackElo "2425"]

1.d4 d5 2.c4 c6 3.Nf3 Nf6 4.Nbd2 Bf5 5.e3 e6 6.Be2 Bd6 7.Nh4 Bg6 8.Nxg6 hxg6
9.a3 a5 10.Qc2 Nbd7 11.Nf3 Ne4 12.Bd3 f5 13.b3 Ndf6 14.Ne5 Bxe5 15.dxe5 Ng4
16.Bxe4 fxe4 17.Bb2 O-O 18.Rf1 Qh4 19.Bd4 Nxh2 20.O-O-O Nxf1 21.Rxf1 Qg4
22.g3 Rf5 23.Qd1 Qxd1+ 24.Kxd1 dxc4 25.bxc4 b5 26.c5 Rd8 27.Ke2 Rxd4 28.exd4 Rf3
29.a4 b4 30.g4 Ra3 31.Rb1 g5 32.Rh1 Rxa4 33.Ke3 b3 34.Kxe4 Ra2 35.Kd3 a4
36.Kc3 Rxf2 37.Kb4 Ra2 38.Rb1 Kf7 39.Kc3 Ke7 40.Kb4 b2 41.Kc3 a3  0-1

[Event "Wch U14"]
[Site "Menorca"]
[Date "1996.??.??"]
[Round "4"]
[White "Bunzmann, Dimitrij"]
[Black "Shinkevich, Vitaly"]
[Result "1-0"]
[WhiteElo "2275"]
[BlackElo "2400"]

1.d4 d5 2.Nf3 c6 3.c4 dxc4 4.e3 b5 5.a4 e6 6.Nc3 Qb6 7.Bd2 Bb4 8.Ne4 Be7
9.b3 f5 10.Ng3 cxb3 11.Qxb3 bxa4 12.Qxa4 Nf6 13.Bc4 Bd6 14.O-O g6 15.Ng5 Nd5
16.Ba5 Qb7 17.e4 fxe4 18.N3xe4 Be7 19.Nc5 Bxc5 20.Bxd5 Bb6 21.Bxb6 Qxb6 22.Bxe6 h6
23.Nf7 O-O 24.Bxc8 Rxc8 25.Qc4 Qb5 26.Qe6  1-0

[Event "Wch U18"]
[Site "Menorca"]
[Date "1996.??.??"]
[Round "9"]
[White "Socko, Bartosz"]
[Black "Kelly, Bryan"]
[Result "0-1"]
[WhiteElo "2445"]
[BlackElo "2395"]

1.d4 d5 2.c4 c6 3.Nf3 Nf6 4.Qc2 dxc4 5.Qxc4 Bf5 6.g3 e6 7.Bg2 Nbd7 8.O-O Be7
9.Nc3 O-O 10.e3 Ne4 11.Nd2 Nxd2 12.Bxd2 e5 13.e4 Nb6 14.Qb3 exd4 15.exf5 dxc3
16.Bxc3 Re8 17.a4 Qc7 18.a5 Nd7 19.a6 b6 20.Qc4 Rac8 21.Rfe1 Nf6 22.Rad1 b5
23.Qd3 Qb6 24.b4 Qxa6 25.g4 Red8 26.Qe3 Rxd1 27.Rxd1 Qb7 28.Re1 Bf8 29.Bxf6 gxf6
30.Qc3 Qd7 31.Qxf6 Qd6 32.Qg5+ Bg7 33.Bf3 h6 34.Qe3 Qxb4 35.Rd1 Qc3 36.Rd3 Qf6
37.Kg2 a5 38.Qd2 a4 39.Rd6 Qg5 40.Qe2 Qf4 41.Re6 a3 42.Re4 Qc1 43.g5 Qxg5+
44.Rg4 Qf6 45.Be4 Re8 46.Qc2 h5 47.Rg3 a2  0-1

[Event "Wch U18 Girls"]
[Site "Menorca"]
[Date "1996.??.??"]
[Round "11"]
[White "Kiseleva, Natalia"]
[Black "Batceceg, Tuvshintogs"]
[Result "1-0"]
[WhiteElo "2350"]
[BlackElo "2040"]

1.d4 d5 2.c4 c6 3.Nf3 Nf6 4.Qc2 dxc4 5.Qxc4 Bf5 6.Nc3 Nbd7 7.g3 e6 8.Bg2 Be7
9.O-O Ne4 10.Bf4 O-O 11.Ne1 Nb6 12.Qb3 Nf6 13.e4 Bg6 14.Rd1 Qc8 15.Nd3 Nbd7
16.Rc1 Re8 17.Rfd1 Bf8 18.e5 Nh5 19.Be3 Bxd3 20.Rxd3 g6 21.g4 Ng7 22.Ne4 Be7
23.Bg5 Bxg5 24.Nxg5 Qd8 25.Ne4 Rf8 26.Rh3 f5 27.gxf5 gxf5 28.Nd6 c5 29.dxc5 Nxe5
30.Qe3 Ng4 31.Qd2 Ne8 32.Bxb7 Rb8 33.Bf3 Ngf6  1-0

[Event "Crespi mem"]
[Site "Milan"]
[Date "1996.??.??"]
[Round "5"]
[White "Bolico, Exfelicos"]
[Black "Murgia, Andrea"]
[Result "1/2-1/2"]
[WhiteElo "2220"]
[BlackElo "2175"]

1.d4 d5 2.Nf3 Nf6 3.c4 c6 4.g3 Bf5 5.Bg2 e6 6.Nbd2 h6 7.O-O Nbd7 8.b3 Be7
9.Bb2 O-O 10.Ne5 Nxe5 11.dxe5 Nd7 12.e4 dxe4 13.Nxe4 Bxe4 14.Bxe4 Nc5 15.Bc2 Qxd1
16.Raxd1 Rfd8 17.f4 Rxd1 18.Rxd1 Rd8 19.Rxd8+ Bxd8 20.Kf2 Be7 21.Kf3 Kf8
22.b4 Nd7 23.Bc3 Ke8 24.a3 a5 25.g4 axb4 26.axb4 Bd8 27.Ke4 Bc7 28.h4 Ke7
29.f5 f6 30.exf6+ Nxf6+ 31.Bxf6+  1/2-1/2

[Event "Moscow IM4"]
[Site "Moscow"]
[Date "1996.??.??"]
[Round "?"]
[White "Mitbreit, Dmitry"]
[Black "Edzgveradze, Natalia"]
[Result "0-1"]
[WhiteElo "2315"]
[BlackElo "2305"]

1.d4 d5 2.c4 c6 3.Nf3 Nf6 4.Qb3 dxc4 5.Qxc4 Bf5 6.g3 e6 7.Bg2 Nbd7 8.O-O Nb6
9.Qb3 Qd5 10.Qd1 Bxb1 11.Rxb1 Qxa2 12.Bg5 Qa5 13.Bxf6 gxf6 14.e4 Qb4 15.Ra1 Bg7
16.d5 O-O 17.dxe6 fxe6 18.Qe2 a6 19.Rad1 Rae8 20.Bh3 Re7 21.Rd3 f5 22.e5 Nd5
23.Rd4 Qb5 24.Qd2 h6 25.Re1 c5 26.Rd3 Rd7 27.Nh4 Nb6 28.Rxd7 Qxd7 29.Qxd7 Nxd7
30.f4 Nb8 31.Bg2 b5 32.Rd1 Rc8 33.Bb7 Re8 34.Kf2 Bf8 35.Ng6 Bg7 36.Ne7+ Kf7
37.Nc8 Bf8 38.Nd6+ Bxd6 39.Rxd6 a5 40.Rb6 b4 41.Rb5 a4 42.Rxc5 Re7 43.Rb5 a3
44.bxa3 bxa3 45.Bd5 exd5 46.Rxb8 Ra7 47.Rb1 d4 48.Ke2 Ke6 49.Kd3 a2 50.Ra1 Kd5
51.Kc2 h5 52.Kb3 d3 53.Kc3 Ke4 54.Kd2 Kd4 55.e6 h4 56.g4 fxg4 57.f5 g3 58.f6 gxh2
59.e7 Rc7 60.Rxa2 h1=Q 61.Ra4+ Rc4 62.Rxc4+ Kxc4 63.e8=Q Qg2+ 64.Ke1 Qg1+
65.Kd2 Qf2+ 66.Kd1 Qc2+  0-1

[Event "Moscow Alekhine op"]
[Site "Moscow"]
[Date "1996.??.??"]
[Round "?"]
[White "Burmakin, Vladimir"]
[Black "Yagupov, Igor"]
[Result "0-1"]
[WhiteElo "2535"]
[BlackElo "2450"]

1.d4 d5 2.c4 c6 3.Nf3 Nf6 4.Qc2 dxc4 5.Qxc4 Bf5 6.Nc3 Nbd7 7.e3 e6 8.Nh4 Bg4
9.h3 Bh5 10.g4 Nd5 11.Nf3 Bg6 12.Qe2 Qa5 13.Bg2 Nxc3 14.Bd2 Nxe2 15.Bxa5 Nxd4
16.Nxd4 e5 17.Nb3 Nc5 18.Nxc5 Bxc5 19.O-O-O Bb6 20.Bb4 a5 21.Ba3 h5 22.g5 h4
23.Rhe1 e4 24.Bd6 O-O-O 25.Be5 Rhg8 26.Bf1 Bh5 27.Rxd8+ Rxd8 28.Bf4 a4 29.Bg2 Re8
30.Rf1 Bc7 31.Bxc7 Kxc7 32.f3 exf3 33.Bxf3 Bg6 34.Kd2 Re5 35.Rg1 Rf5 36.Bd1 Rf2+
37.Kc3 b5 38.Rg4 Bh5 39.Rg1 Bg6 40.Rg4 Bh5 41.Rg1 Bf3 42.Bxf3 Rxf3 43.Kd3 Kd6
44.Rg2 c5 45.Ke4 Rxh3 46.Rd2+ Ke6 47.Rc2 c4 48.b3 axb3 49.axb3 Rg3 50.bxc4 Rg4+
51.Kf3 Rxc4 52.Rb2 b4 53.Ra2 Rc6 54.Kg4 b3 55.Rb2 Rc4+  0-1

[Event "Moscow GM5"]
[Site "Moscow"]
[Date "1996.??.??"]
[Round "?"]
[White "Maljutin, Evgeni"]
[Black "Piankov, Evgenij"]
[Result "1-0"]
[WhiteElo "2495"]
[BlackElo "2410"]

1.Nf3 Nf6 2.c4 c6 3.d4 d5 4.Qc2 g6 5.Bf4 Bg7 6.e3 O-O 7.Bd3 Qa5+ 8.Nbd2 c5
9.O-O cxd4 10.Nb3 Qd8 11.Nbxd4 Nc6 12.Nxc6 bxc6 13.cxd5 cxd5 14.Bc7 Qe8 15.Rac1 a5
16.Nd4 Ba6 17.Bxa6 Rxa6 18.Qd3 Ra8 19.Rc5 a4 20.Rfc1 Qd7 21.Be5 Ne8 22.Nc6 e6
23.Bxg7 Nxg7 24.Ne5 Qd8 25.Rc7 Ne8 26.Rd7 Qb6 27.Qc3 Nf6 28.Nc6 Kg7 29.g4 h6
30.h4 d4 31.Rxd4 Kh7 32.Rb4 Qa6 33.Qxf6 Qe2 34.Ne5 Qd2 35.Rcc4  1-0

[Event "Moscow Alekhine op"]
[Site "Moscow"]
[Date "1996.??.??"]
[Round "1"]
[White "Tregubov, Pavel V"]
[Black "Lebedev, Vasili"]
[Result "1-0"]
[WhiteElo "2470"]
[BlackElo "2215"]

1.d4 d5 2.c4 c6 3.Nf3 Nf6 4.Qc2 g6 5.Bf4 Bg7 6.e3 Bf5 7.Qb3 Qb6 8.Nc3 Nbd7
9.c5 Qxb3 10.axb3 O-O 11.h3 Ne4 12.b4 a6 13.g4 Nxc3 14.gxf5 Ne4 15.Ne5 Nef6
16.Rg1 Nxe5 17.Bxe5 Nd7 18.Bf4 Kh8 19.Bd3 gxf5 20.Bxf5 e6 21.Bc2 f5 22.Bd6 Rf6
23.Ke2 Rg6 24.Rgc1 Bf8 25.Bf4 Bh6 26.Bd6 Bf8 27.Bg3 Be7 28.Bd3 Rc8 29.b5 axb5
30.Ra7 Bf6 31.Rxb7 Rg7 32.Ra1 Nf8 33.Rb8 Rxb8 34.Bxb8 Ng6 35.Ra6 Rg8 36.Bd6 Rc8
37.Ra7 Kg8 38.Kd2 Nh8 39.Be2 Nf7 40.Be7 Bxe7 41.Rxe7 Nd8 42.Bh5  1-0

[Event "Moscow-ch"]
[Site "Moscow"]
[Date "1996.??.??"]
[Round "2"]
[White "Shestakov, Sergei S"]
[Black "Yagupov, Igor"]
[Result "0-1"]
[WhiteElo "2325"]
[BlackElo "2435"]

1.d4 d5 2.c4 c6 3.Nf3 Nf6 4.Qc2 dxc4 5.Qxc4 Bf5 6.Ne5 e6 7.f3 b5 8.Qc3 Nd5
9.Qb3 Qh4+ 10.g3 Qxd4 11.Nd3 Bxd3 12.Qxd3 Bb4+ 13.Nd2 Qxd3 14.exd3 Ne3 15.Ke2 Nxf1
16.Nxf1 Nd7 17.Be3 Ke7 18.Rc1 Rhc8 19.a3 Ba5 20.g4 Bb6 21.Rc2 Nf6 22.Bg5 h6
23.Bxf6+ Kxf6 24.Ng3 Ke5 25.Rhc1 Kd5 26.f4 Bd4 27.Kf3 c5 28.Ne2 Rc6 29.Nc3+ Bxc3
30.bxc3 c4  0-1

[Event "Moscow-ch"]
[Site "Moscow"]
[Date "1996.??.??"]
[Round "3"]
[White "Orlinkov, Maxim L"]
[Black "Miroshnichenko, Nikolay"]
[Result "1-0"]
[WhiteElo "2305"]
[BlackElo "2125"]

1.d4 d5 2.c4 c6 3.Nf3 Nf6 4.Qc2 g6 5.Bf4 Bg7 6.e3 O-O 7.Nc3 Nbd7 8.cxd5 Nxd5
9.Nxd5 cxd5 10.Bd3 Nf6 11.O-O Bd7 12.Rfc1 Rc8 13.Bc7 Qe8 14.Qc5 Bc6 15.Qa5 Nd7
16.Bg3 Qd8 17.Qxd8 Rfxd8 18.Rc3 a5 19.Rac1 f6 20.Bb5 Nb8 21.b3 Rd6 22.Bxd6 exd6
23.a3 Kf7 24.b4 axb4 25.axb4 Ke6 26.Bf1  1-0